| 000 -LEADER |
| fixed length control field |
03953cam a22003977a 4500 |
| 001 - CONTROL NUMBER |
| control field |
17131946 |
| 003 - CONTROL NUMBER IDENTIFIER |
| control field |
NUST |
| 005 - DATE AND TIME OF LATEST TRANSACTION |
| control field |
20170614104250.0 |
| 008 - FIXED-LENGTH DATA ELEMENTS--GENERAL INFORMATION |
| fixed length control field |
120124s2012 flua b 001 0 eng |
| 010 ## - LIBRARY OF CONGRESS CONTROL NUMBER |
| LC control number |
2012000511 |
| 020 ## - INTERNATIONAL STANDARD BOOK NUMBER |
| International Standard Book Number |
9781439862667 (pbk.) |
| 040 ## - CATALOGING SOURCE |
| Original cataloging agency |
DLC |
| Transcribing agency |
DLC |
| Modifying agency |
DLC |
| 042 ## - AUTHENTICATION CODE |
| Authentication code |
pcc |
| 050 00 - LIBRARY OF CONGRESS CALL NUMBER |
| Classification number |
QH545.A1 |
| Item number |
P745 2012 |
| 082 00 - DEWEY DECIMAL CLASSIFICATION NUMBER |
| Classification number |
577.27 WAL |
| Edition number |
23 |
| 084 ## - OTHER CLASSIFICATION NUMBER |
| Classification number |
SCI026000 |
| -- |
TEC010000 |
| Number source |
bisacsh |
| 100 1# - MAIN ENTRY--PERSONAL NAME |
| Personal name |
Walker, C. H. |
| Fuller form of name |
(Colin Harold), |
| Dates associated with a name |
1936- |
| 9 (RLIN) |
2628 |
| 245 10 - TITLE STATEMENT |
| Title |
Principles of ecotoxicology / |
| Statement of responsibility, etc. |
C.H. Walker, R.M. Sibly, S.P. Hopkin, D.B. Peakall. |
| 250 ## - EDITION STATEMENT |
| Edition statement |
4th ed. |
| 260 ## - PUBLICATION, DISTRIBUTION, ETC. |
| Place of publication, distribution, etc. |
Boca Raton, FL : |
| Name of publisher, distributor, etc. |
CRC Press, |
| Date of publication, distribution, etc. |
2012. |
| 300 ## - PHYSICAL DESCRIPTION |
| Extent |
xxv, 360 p. : |
| Other physical details |
ill. ; |
| Dimensions |
26 cm. |
| 500 ## - GENERAL NOTE |
| General note |
Rev. ed. of: Principles of ecotoxicology / C.H. Walker ... [et al.]. c2006. |
| 501 ## - WITH NOTE |
| With note |
P.B |
| 504 ## - BIBLIOGRAPHY, ETC. NOTE |
| Bibliography, etc. note |
Includes bibliographical references and index. |
| 520 ## - SUMMARY, ETC. |
| Summary, etc. |
"Now in its fourth edition, this exceptionally accessible text provides students with a multidisciplinary perspective and a grounding in the fundamental principles required for research in toxicology today. Its concisesness and readability makes it highly popular with students, while its focus on principles makes its the preferred choice of instructors.Discussing the fundamental chemical and ecological nature of pollution processes, the authors identifiy the major classes of pollutants and their environmental fate while examining those pollutants deserving closer scrutiny. They also cover naturally occurring poisons, the history of chemical warfare, population risk assessment, community structure, neonicotinoids, endocrine disruption, neurotoxicity, and the employment of biomarker strategies in field studies. In addition to updating the text throughout, this fourth edition--Includes a new chapter on future directions of ecotoxicologyProvides new material on nanoparticle pollution and effects of chemical weaponsOffers numerous new case studies, many from the U.S.Expands coverage of bioaccumulation, biomarkers, and risk assessment for affected populations "-- |
| Assigning source |
Provided by publisher. |
| 520 ## - SUMMARY, ETC. |
| Summary, etc. |
"Preface to Fourth Edition Since publication of the first edition of Principles of Ecotoxicology, both David Peakall and Steve Hopkin have died--serious losses to the international scientific community. Both made key contributions to the first two editions and this fourth edition is dedicated to their memories. The origins of this book lie in the MSc course titled "Ecotoxicology of Natural Populations," first taught at Reading in 1991. Ecotoxicology was then emerging as a distinct subject of interdisciplinary character. The structure of the course reflected this characteristic and was taught by people of widely differing backgrounds ranging from chemistry and biochemistry to population genetics and ecology. Combining the different disciplines in an integrated way was something of a challenge. The experience of teaching the course persuaded the authors of the need for a textbook that would deal with the basic principles of such a wide-ranging subject. The intention has been to approach ecotoxicology in a broad interdisciplinary way, cutting across traditional subject boundaries. However, the nature of the text is bound to reflect the experiences and interests of the authors"-- |
| Assigning source |
Provided by publisher. |
| 650 #0 - SUBJECT ADDED ENTRY--TOPICAL TERM |
| Topical term or geographic name entry element |
Pollution. |
| 9 (RLIN) |
2629 |
| 650 #0 - SUBJECT ADDED ENTRY--TOPICAL TERM |
| Topical term or geographic name entry element |
Nature |
| General subdivision |
Effect of human beings on. |
| 9 (RLIN) |
2630 |
| 650 #0 - SUBJECT ADDED ENTRY--TOPICAL TERM |
| Topical term or geographic name entry element |
Environmental toxicology. |
| 9 (RLIN) |
2452 |
| 650 #7 - SUBJECT ADDED ENTRY--TOPICAL TERM |
| Topical term or geographic name entry element |
SCIENCE / Environmental Science. |
| Source of heading or term |
bisacsh |
| 9 (RLIN) |
2228 |
| 650 #7 - SUBJECT ADDED ENTRY--TOPICAL TERM |
| Topical term or geographic name entry element |
TECHNOLOGY & ENGINEERING / Environmental / General. |
| Source of heading or term |
bisacsh |
| 9 (RLIN) |
2631 |
| 700 1# - ADDED ENTRY--PERSONAL NAME |
| Personal name |
Sibly, R. M. |
| 9 (RLIN) |
2632 |
| 700 1# - ADDED ENTRY--PERSONAL NAME |
| Personal name |
Hopkin, Stephen P. |
| 9 (RLIN) |
2633 |
| 700 1# - ADDED ENTRY--PERSONAL NAME |
| Personal name |
Peakall, David B. |
| 9 (RLIN) |
2634 |
| 730 0# - ADDED ENTRY--UNIFORM TITLE |
| Uniform title |
Principles of ecotoxicology. |
| 9 (RLIN) |
2635 |
| 906 ## - LOCAL DATA ELEMENT F, LDF (RLIN) |
| a |
7 |
| b |
cbc |
| c |
orignew |
| d |
1 |
| e |
ecip |
| f |
20 |
| g |
y-gencatlg |
| 942 ## - ADDED ENTRY ELEMENTS (KOHA) |
| Source of classification or shelving scheme |
|
| Koha item type |
Book |
| Call number prefix |
IESE |